| 000 | 00519nam a2200169Ia 4500 | ||
|---|---|---|---|
| 008 | 230917s9999||||xx |||||||||||||| ||und|| | ||
| 020 | _cRS150 | ||
| 040 |
_e250248 _aMAIN |
||
| 041 | _aEnglish | ||
| 082 | _a891.491503741 CK393K | ||
| 100 | _aचौधरी, कमलेश | ||
| 245 | 0 | _aखोया हुआ गांव | |
| 260 |
_aकैथल _bसुकीर्ति प्रकाशन _c2012 |
||
| 300 | _a104 पृ. p. | ||
| 500 | _a3277 01/10/2018 ADP18/243 03/10/2018 Main Budget | ||
| 942 | _cBK | ||
| 999 |
_c28382 _d28382 |
||